Las reglas del viento (Record no. 179820)

MARC details
000 -LEADER
campo de control de longitud fija 01083nam a2200289 i 4500
001 - NÚMERO DE CONTROL
campo de control 179820
003 - IDENTIFICADOR DE NÚMERO DE CONTROL
campo de control ES-MaACL
005 - FECHA Y HORA DE LA ÚLTIMA TRANSACCIÓN
campo de control 20251001144408.0
008 - DATOS DE LONGITUD FIJA--INFORMACIÓN GENERAL
campo de control de longitud fija 120127s2010 sp abcf |||| |cspa d
020 ## - NÚMERO INTERNACIONAL ESTÁNDAR DEL LIBRO
Número Internacional Estándar del Libro 978-84-414-2642-9
080 ## - NÚMERO DE LA CLASIFICACIÓN DECIMAL UNIVERSAL
Número de la Clasificación Decimal Universal 355.353(460)"15"
080 ## - NÚMERO DE LA CLASIFICACIÓN DECIMAL UNIVERSAL
Número de la Clasificación Decimal Universal 355.49(460)"1556/98"
100 1# - ENTRADA PRINCIPAL--NOMBRE DE PERSONA
Nombre de persona Canales Torres, Carlos.
9 (RLIN) 151605
245 14 - MENCIÓN DEL TÍTULO
Título Las reglas del viento
Resto del título : cara y cruz de la Armada Española en el siglo XVI /
Mención de responsabilidad, etc. Carlos Canales Torres, Miguel del Rey Vicente.
250 ## - MENCION DE EDICION
Mención de edición 1ª ed.
260 ## - PUBLICACIÓN, DISTRIBUCIÓN, ETC.
Lugar de publicación, distribución, etc. Madrid :
Nombre del editor, distribuidor, etc. Edaf,
Fecha de publicación, distribución, etc. 2010.
300 ## - DESCRIPCIÓN FÍSICA
Extensión 325 p., [12] p. de lám. col. :
Otras características físicas il. col., retr., mapas ;
Dimensiones 24 cm.
490 1# - MENCIÓN DE SERIE
Mención de serie Clío crónicas de la historia
504 ## - NOTA DE BIBLIOGRAFÍA, ETC.
Nota de bibliografía, etc. Bibliografía: p. [324]-325.
650 #7 - PUNTO DE ACCESO ADICIONAL DE MATERIA--TÉRMINO DE MATERIA
Término de materia o nombre geográfico como elemento de entrada Marina de guerra-
Subdivisión geográfica España-
Subdivisión cronológica S.XVI.
9 (RLIN) 14784
651 #7 - PUNTO DE ACCESO ADICIONAL DE MATERIA--NOMBRE GEOGRÁFICO
Nombre geográfico España-
Subdivisión general Historia naval-
Subdivisión cronológica 1516-1700.
9 (RLIN) 158587
700 1# - ENTRADA AGREGADA--NOMBRE PERSONAL
Nombre de persona Rey Vicente, Miguel del,
Fechas asociadas al nombre 1962-
9 (RLIN) 164802
830 1# - PUNTO DE ACCESO ADICIONAL DE SERIE-TÍTULO UNIFORME
Título uniforme Clío crónicas de la historia
9 (RLIN) 179748
852 ## - LOCALIZACIÓN
Ubicación ES-MaACL
Número de control de estantería A-11933
itemnumber 186720
Sublocalización o colección R.146838
Ubicación en estantería Depósito 1
Signatura antigua Olim: N-4938
942 ## - ELEMENTOS DE ENTRADA SECUNDARIOS (KOHA)
Fuente del sistema de clasificación o colocación Clasificación decimal universal
Tipo de ítem Koha Libro impreso
Holdings
Estatus retirado Estado de pérdida Fuente del sistema de clasificación o colocación Estado de daño No para préstamo Biblioteca de origen Biblioteca actual Ubicación en estantería Fecha de adquisición Fuente de adquisición Total de préstamos Signatura topográfica completa Código de barras Visto por última vez Precio de reemplazo Tipo de ítem Koha
    Clasificación decimal universal     Biblioteca del Ateneo de Madrid Biblioteca del Ateneo de Madrid Depósito 1 27/01/2012 Donación   A-11933 1188910 23/02/2023 23/02/2023 Libro impreso